00945nab a2200265 uc450000100070000000500170000700800410002403500110006503500210007604000130009704100080011010000330011824501300015165000160028165000340029765000260033165000220035765000300037970000310040970000330044070000300047370000290050370000310053277301160056372070420241025091233.0020219s2001 spa  a720704 a(OCoLC)819932841 ccomduadb aspa10aPaez Rovira, Dario4auteaut10aAfectividad, cognicion y persuasion : un contraste experimental de las variables mediadoras en la prevencion ante el VIH/SIDA aAfectividad aSIDA - Prevención y control aPrevención en salud 7aCognición2lemb 7aPsicología social2lemb10aMayordomo, Sonia4auteaut10aIgartua, Juan Jose4auteaut10aUbillos, Sylvia4auteaut10aAlonso, Manuel4auteaut10aMartinez, Arrate4auteaut0 tRevista Española de Motivación y Emoción (España)gVol. 02, 2001, p. 137-154w717942x1576-42140230820